000 01305cam a22004454i 4500
003 PE-LiUPU
005 20250731173452.0
008 150616s r 000 0 d
020 _a0809132559
035 _a(Sirsi) i9780809132553
040 _aPE-LiUPU
_bspa
_cPE-LiUPU
_erda
049 _aPRUA
082 0 4 _a222.11
_bB155g
_223
100 1 _aBailey, Lloyd R.,
_eautor.
245 1 0 _aGenesis, Creation, and Creationism /
_cLloyd R. Bailey.
264 1 _aMahwah, N.J. :
_bPaulist Press,
_c1993.
300 _a259 páginas ;
_c23 centímetros.
336 _atext
_2rdacontent
337 _aunmediated
_2rdamedia
338 _avolume
_2rdacarrier
505 0 _aWhat Is "Creationism"? -- Genesis and Creation.
526 _aSEG42
526 _aSEG41
526 _aSEG40
526 _aSEG39
526 _aP94
526 _aP87
526 _aP86
526 _aP85
526 _aP77
526 _aP76
526 _aP35
630 _aBiblia.
_pA.T.
_xComentarios.
650 0 4 _aCreación.
910 _ajck
942 _2ddc
_cBK
949 _a222.11 B16
_wDEWEY
_c1
_i39854
_lCCODEBUL1
_mBUL
_r0
_sY
_tBOOK
_u2015-6-16
_xTEOLOGIA
_zUNKNOWN
_0COMPRA
_o.STAFF. Colección General
999 _c57627
_d57627
980 _81
_gALBERTO SANCHEZ Responsable de Automatización